Kadrowicze Franciszka Smudy - Statystyki

Ogólne statystyki
  • Ten quiz został rozwiązany 33 razy
  • Średni wynik to 40 z 81
Statystyki odpowiedzi
Mecze Pozycja Piłkarz % Poprawnych
11 Bramkarz Wojciech Szczęsny
100%
2 Bramkarz Artur Boruc
96%
10 Obrońca Damien Perquis
96%
20 Pomocnik Ludovic Obraniak
96%
7 Bramkarz Łukasz Fabiański
96%
30 Napastnik Robert Lewandowski
96%
28 Pomocnik Jakub Błaszczykowski
93%
11 Obrońca Kamil Glik
93%
11 Pomocnik Eugen Polanski
89%
21 Obrońca Łukasz Piszczek
89%
9 Obrońca Sebastian Boenisch
89%
8 Bramkarz Przemysław Tytoń
85%
22 Pomocnik Dariusz Dudka
81%
16 Napastnik Paweł Brożek
81%
4 Obrońca Piotr Brożek
81%
4 Bramkarz Tomasz Kuszczak
81%
13 Obrońca Marcin Wasilewski
78%
11 Obrońca Michał Żewłakow
78%
20 Pomocnik Adam Matuszczyk
74%
4 Napastnik Euzebiusz Smolarek
74%
3 Bramkarz Grzegorz Sandomierski
74%
10 Obrońca Jakub Wawrzyniak
74%
22 Obrońca Maciej Rybus
74%
25 Pomocnik Rafał Murawski
74%
8 Obrońca Arkadiusz Głowacki
70%
1 Obrońca Artur Jędrzejczyk
70%
6 Napastnik Ireneusz Jeleń
70%
24 Pomocnik Adrian Mierzejewski
67%
1 Pomocnik Grzegorz Krychowiak
67%
5 Obrońca Łukasz Mierzejewski
67%
17 Obrońca Grzegorz Wojtkowiak
63%
7 Pomocnik Janusz Gol
63%
11 Pomocnik Kamil Grosicki
63%
20 Pomocnik Tomasz Jodłowiec
63%
5 Napastnik Artur Sobiech
52%
2 Pomocnik Sebastian Mila
52%
20 Pomocnik Sławomir Peszko
52%
4 Pomocnik Roger
48%
1 Napastnik Arkadiusz Piech
44%
2 Pomocnik Kamil Kosowski
44%
2 Obrońca Marcin Komorowski
44%
2 Napastnik Andrzej Niedzielan
41%
3 Obrońca Marcin Kamiński
41%
2 Obrońca Tomasz Brzyski
41%
7 Napastnik Dawid Nowak
37%
3 Pomocnik Rafał Wolski
37%
7 Pomocnik Szymon Pawłowski
37%
3 Pomocnik Tomasz Nowak
37%
1 Pomocnik Janusz Gancarczyk
33%
15 Obrońca Maciej Sadlok
33%
3 Obrońca Piotr Celeban
33%
1 Obrońca Seweryn Gancarczyk
33%
1 Pomocnik Waldemar Sobota
33%
1 Obrońca Adam Kokoszka
30%
2 Obrońca Jakub Rzeźniczak
30%
1 Bramkarz Mariusz Pawełek
30%
6 Pomocnik Michał Kucharczyk
30%
2 Bramkarz Sebastian Przyrowski
30%
3 Pomocnik Ariel Borysiuk
26%
4 Obrońca Marcin Kowalczyk
26%
1 Pomocnik Mateusz Klich
26%
8 Pomocnik Patryk Małecki
26%
4 Pomocnik Tomasz Bandrowski
26%
2 Pomocnik Cezary Wilk
22%
2 Pomocnik Jacek Kiełb
22%
1 Napastnik Maciej Jankowski
22%
2 Obrońca Marcin Kikut
22%
4 Napastnik Marcin Robak
22%
3 Pomocnik Radosław Majewski
22%
1 Bramkarz Sebastian Małkowski
22%
1 Pomocnik Łukasz Trałka
19%
6 Pomocnik Maciej Iwański
19%
2 Pomocnik Tomasz Kupisz
19%
1 Bramkarz Michał Gliwa
15%
1 Napastnik Arkadiusz Woźniak
11%
2 Obrońca Jakub Tosik
11%
2 Obrońca Dariusz Pietrasiak
7%
2 Pomocnik Dawid Plizga
7%
2 Pomocnik Mateusz Cetnarski
7%
1 Obrońca Filip Modelski
4%
4 Obrońca Hubert Wołąkiewicz
4%
Nie znaleziono quizów pasujących do podanych kryteriów
Rozkład punktacji
Procent ludzi z każdym wynikiem
Percentyl według liczby udzielonych odpowiedzi
Twoja historia wyników
Nie rozwiązałeś tego quizu